[Event "Pardubice Czech op-B 29th"]
[Site "Pardubice"]
[Date "2018.07.23"]
[Round "4"]
[White "Mulenko, Alexander"]
[Black "Dorokhin, Semen"]
[Result "1-0"]
[WhiteElo "2109"]
[BlackElo "1971"]
[PlyCount "65"]
[EventDate "2018.07.20"]
[EventType "swiss"]
[EventRounds "9"]
[EventCountry "CZE"]
[SourceTitle "CBM 186 Extra"]
[Source "ChessBase"]
[SourceDate "2018.08.24"]
[SourceVersion "1"]
[SourceVersionDate "2018.08.24"]
[SourceQuality "1"]

1. Nf3 g6 2. c4 Bg7 3. d4 Nf6 4. g3 0-0 5. Bg2 d6 6. 0-0 Nc6 7. Nc3 a6 8. Bd2 e5 9. d5 Nd4 10. Ne1 Nd7 11. Rc1 Nf5 12. Ne4 Nc5 13. Nxc5 dxc5 14. b4 cxb4 15. Bxb4 Re8 16. e4 a5 17. Ba3 Nd6 18. c5 Nb5 19. Bb2 b6 20. cxb6 cxb6 21. Nc2 Ba6 22. Re1 Rc8 23. Qd2 Nd6 24. Ne3 Qd7 25. Rxc8 Rxc8 26. Rc1 Qa4 27. Rxc8+ Bxc8 28. Qc1 f6 29. Ba3 Ba6 30. Bxd6 Bh6 31. Qc2 Qd4 32. Bf1 Bxe3 33. Bxa6 1-0

[Event "Pardubice Chladek&Tintera op"]
[Site "Pardubice"]
[Date "2014.07.17"]
[Round "5"]
[White "Dorokhin, Semen"]
[Black "Kokes, Bohuslav"]
[Result "1-0"]
[WhiteElo "1885"]
[BlackElo "1997"]
[PlyCount "65"]
[EventDate "2014.07.16"]
[EventType "swiss (rapid)"]
[EventRounds "9"]
[EventCountry "CZE"]
[SourceTitle "EXT 2015"]
[Source "ChessBase"]
[SourceDate "2014.11.20"]
[SourceVersion "1"]
[SourceVersionDate "2014.11.20"]
[SourceQuality "1"]

1. e4 c5 2. Nf3 e6 3. d4 cxd4 4. Nxd4 Nc6 5. Nb5 d6 6. c4 a6 7. N5c3 Nf6 8. Na3 Be7 9. Be3 0-0 10. Be2 Qc7 11. f4 b6 12. 0-0 Bb7 13. Rc1 Nb8 14. Bd3 Nbd7 15. f5 Nc5 16. b4 Ncxe4 17. Nxe4 Nxe4 18. fxe6 fxe6 19. Qg4 Rxf1+ 20. Rxf1 Nf6 21. Qxe6+ Kh8 22. Qh3 Be4 23. Bxe4 Nxe4 24. Qf3 d5 25. cxd5 Nd6 26. Rc1 Qd7 27. Bxb6 Rf8 28. Qd3 Qa4 29. Bc5 Rc8 30. Re1 Bf8 31. Qh3 Re8 32. Kf1 a5 33. Qf3 1-0

[Event "Pardubice Chladek&Tintera op"]
[Site "Pardubice"]
[Date "2014.07.17"]
[Round "8"]
[White "Tesar, Jan"]
[Black "Dorokhin, Semen"]
[Result "0-1"]
[WhiteElo "2085"]
[BlackElo "1885"]
[PlyCount "84"]
[EventDate "2014.07.16"]
[EventType "swiss (rapid)"]
[EventRounds "9"]
[EventCountry "CZE"]
[SourceTitle "EXT 2015"]
[Source "ChessBase"]
[SourceDate "2014.11.20"]
[SourceVersion "1"]
[SourceVersionDate "2014.11.20"]
[SourceQuality "1"]

1. d4 Nf6 2. c4 g6 3. Nc3 Bg7 4. e4 d6 5. Nf3 0-0 6. Be2 e5 7. 0-0 Nc6 8. d5 Ne7 9. b4 Nh5 10. Re1 f5 11. c5 Nf6 12. Ng5 h6 13. Ne6 Bxe6 14. dxe6 fxe4 15. Qb3 d5 16. Rd1 c6 17. b5 Qc8 18. f3 exf3 19. Bxf3 Qxe6 20. Re1 Nd7 21. Ba3 Kh7 22. Rad1 Qf5 23. h3 h5 24. Rf1 Qg5 25. Bc1 Qh4 26. bxc6 bxc6 27. Qc2 Nf5 28. Ne2 Rae8 29. Be4 Ne7 30. Rxf8 Rxf8 31. Be3 Nf6 32. Bf3 e4 33. Rd4 Qe1+ 34. Kh2 exf3 35. gxf3 Nf5 36. Bf2 Nxd4 37. Nxd4 Qe5+ 38. Kg2 Qg5+ 39. Kh2 Qf4+ 40. Kg2 Nd7 41. Ne6 Qxf3+ 42. Kg1 Rf5 0-1